Não Seja Mordido - Statistics

Estatísticas Gerais
  • Esse quiz foi jogado 3 612 vezes
  • A pontuação média é 7 de 27
Answers on the Grid
Answers color-coded by a green-red scale on the quiz's grid according to % correct below.
 
Estatísticas das Respostas
Resposta % Correto
32%
30%
29%
29%
29%
29%
29%
29%
29%
28%
28%
28%
28%
28%
28%
28%
28%
28%
28%
27%
27%
27%
26%
25%
25%
24%
22%
Nenhum quiz correspondente encontrado
Distribuição das Pontuações
Porcentagem de Pessoas com Cada Pontuação
Percentil de Números Respondidos
Sua Pontuação Histórica
Você não jogou esse quiz